000 00398nam a22001337a 4500
050 _aPS3515.O8415
_b.H69 1962.
100 _a Howard,Richard
245 _aQuantities :
_bpoems
_cRichard Howard
260 _aMiddletown, Conn. :
_bWesleyan University Press,
_c1962.
300 _a80 pages ; 21 cm
650 _b American poetry -- 20th century.
650 _b American poetry.
942 _2lcc
_cGEN
999 _c9286
_d9286